Quizzes
Events
Quiz Creation
Community
Videos
Private Events
Remove Ads
Sign In
Join for FREE
Feedback
Dark Mode
Quiz Categories
Sports
Geography
Music
Movies
Television
Just For Fun
Miscellaneous
History
Literature
Language
Science
Gaming
Entertainment
Religion
Holiday
For Kids
Quiz Lab
Recent
Popular Today
Quiz Kudos Today
Editor Picks
Curator Picks
Quizzes by...
Day
Popularity
Type
Ratings
Length
Year
Community
Subscriptions
Recent Discussions
Orange Saloon
Badges
Playlists
Quests
Create
Leaderboards
Showdown
Live 5
Trivia Bingo
Activity
Puzzle Library
Sporcle Events
Private Events
Virtual Trivia
Globe League
Become a Host
Pub Owners
SporcleCon
Opinionation
Our Games
Videos
Blog
Mobile Apps
Partnerships
Remove Ads and Go Orange
Feedback
Sports
Athletes
MLB
NBA
NHL
NFL
Soccer
Sports Teams
WWE
NCAA
Football
Premier League
Basketball
Baseball
Hockey
Golf
Tennis
Cricket
Rugby
Auto Racing
Olympics
World Cup
Sports
Athletes
MLB
NBA
NHL
NFL
Soccer
Sports Teams
WWE
NCAA
Football
Premier League
Basketball
Baseball
Hockey
Golf
Tennis
Cricket
Rugby
Auto Racing
Olympics
World Cup
Random Quiz
Search Sporcle
×
Quiz Lab
Quiz Lab
Sports
Baseball
Type in answers that appear in a list
Type in answers that appear in a list
Classic
Best Score? Go Orange.
Most Relief Appearances By Team Stats
Can you name the team leaders in career relief pitching appearances?
By
tk925
20m
300 Questions
136 Plays
136 Plays
136 Plays
Comments
Comments
Give Quiz Kudos
Give Quiz Kudos
-
- Ratings
hide this ad
More Info
Replay
Link that replays current quiz
Next Quiz
Link to next quiz in quiz playlist
You Got
0%
They Got
Avg Score
27%
Avg Friend Score
Upgrade to see
Score Distribution
Jump to the score distribution portion of the page
Score
0/300
Timer
20:00
0
Plays Today
Team
Pitcher
% Correct
Yankees
Mariano Rivera
97.1%
Indians
Joe Smith
92.3%
Cubs
Lee Smith
91.2%
Astros
Dave Smith
91.2%
Orioles
Jim Johnson
89.7%
Rangers
Mitch Williams
89.7%
Pirates
Mike Williams
89.7%
Astros
Xavier Hernandez
87.2%
Diamondbacks
David Hernandez
87.2%
Brewers
Francisco Rodriguez
87.2%
Indians
Doug Jones
85.3%
Tigers
Todd Jones
85.3%
Athletics
Dennis Eckersley
85.3%
Padres
Trevor Hoffman
83.8%
Angels
Francisco Rodriguez
82.4%
Giants
Felix Rodriguez
82.4%
Yankees
Rich 'Goose' Gossage
82.1%
Red Sox
Jonathan Papelbon
81.6%
Rangers
C.J. Wilson
79.5%
Rays
Roberto Hernandez
78.7%
White Sox
Roberto Hernandez
78.7%
Tigers
Willie Hernandez
78.7%
Athletics
Rollie Fingers
78.7%
Cubs
Willie Hernandez
78.7%
Padres
Rollie Fingers
78.7%
Mets
John Franco
77.2%
Reds
John Franco
77.2%
Astros
Billy Wagner
76.5%
Tigers
Fernando Rodney
74.4%
Giants
Javier Lopez
74.4%
Angels
Troy Percival
72.8%
Orioles
Jesse Orosco
72.1%
Mets
Jesse Orosco
72.1%
Cubs
Bruce Sutter
72.1%
Indians
Rafael Perez
71.8%
Indians
Chris Perez
71.8%
Cardinals
Bruce Sutter
71.8%
Phillies
Kent Tekulve
71.8%
Yankees
Mike Stanton
70.6%
Braves
Mike Stanton
70.6%
Royals
Greg Holland
69.2%
Braves
Craig Kimbrel
69.2%
Indians
Jose Mesa
69.1%
Cardinals
Jason Isringhausen
69.1%
Twins
Joe Nathan
68.4%
Rangers
Francisco Cordero
67.6%
Nationals
Chad Cordero
67.6%
Astros
Brad Lidge
67.6%
Marlins
Robb Nen
66.9%
Giants
Robb Nen
66.9%
Blue Jays
Dan Plesac
66.7%
Mariners
Mike Jackson
66.2%
White Sox
Bobby Thigpen
64.7%
Royals
Joakim Soria
64.1%
Royals
Dan Quisenberry
64%
Blue Jays
Tom Henke
63.2%
Orioles
Tippy Martinez
62.5%
Rays
J.P. Howell
61.5%
White Sox
Wilbur Wood
61.5%
Rangers
John Wetteland
61.5%
Giants
Sergio Romo
61.5%
Yankees
Dave Righetti
61%
Twins
Eddie Guardado
60.3%
White Sox
Hoyt Wilhelm
59.6%
Orioles
Gregg Olson
59%
Yankees
David Robertson
59%
Tigers
Matt Anderson
59%
Athletics
Gene Nelson
59%
Reds
Rob Dibble
59%
Nationals
Tyler Clippard
59%
Pirates
Kent Tekulve
58.8%
Yankees
Jeff Nelson
58.1%
White Sox
Bobby Jenks
58.1%
Mariners
Jeff Nelson
58.1%
Giants
Rod Beck
58.1%
Dodgers
Kenley Jansen
56.4%
Diamondbacks
J.J. Putz
56.4%
Reds
Aroldis Chapman
56.4%
Nationals
Drew Storen
56.4%
Cubs
Paul Assenmacher
56.4%
Red Sox
Mike Timlin
55.9%
Blue Jays
Mike Timlin
55.9%
Diamondbacks
Jose Valverde
55.9%
Padres
Heath Bell
55.9%
Yankees
Sparky Lyle
54.4%
Royals
Jeff Montgomery
54.4%
Mets
Armando Benitez
54.4%
Twins
Rick Aguilera
53.7%
Orioles
B.J. Ryan
52.9%
White Sox
Keith Foulke
52.2%
Diamondbacks
Byung-Hyun Kim
52.2%
Mets
Tug McGraw
51.5%
Phillies
Tug McGraw
51.5%
Red Sox
Sparky Lyle
51.3%
Red Sox
Derek Lowe
51.3%
Astros
Chad Qualls
51.3%
Mariners
Norm Charlton
51.3%
Giants
Santiago Casilla
51.3%
Nationals
Ugueth Urbina
51.3%
Blue Jays
Duane Ward
50%
Team
Pitcher
% Correct
Brewers
Dan Plesac
50%
Rockies
Brian Fuentes
50%
Tigers
Aurelio Lopez
49.3%
Mariners
Arthur Rhodes
49.3%
Royals
Kelvin Herrera
48.7%
Brewers
John Axford
48.7%
Angels
Scot Shields
48.5%
Nationals
Jeff Reardon
48.5%
Red Sox
Bob Stanley
47.8%
Braves
Mark Wohlers
47.1%
Cardinals
Todd Worrell
47.1%
Angels
Bryan Harvey
46.2%
Mets
Roger McDowell
46.2%
Giants
Jeremy Affeldt
46.2%
Reds
Danny Graves
44.9%
White Sox
Bob Howry
43.6%
Reds
David Weathers
43.6%
Brewers
David Weathers
43.6%
Cubs
Terry Adams
43.6%
Cubs
James Russell
43.6%
Rays
Trever Miller
43.4%
Marlins
Antonio Alfonseca
43.4%
Brewers
Bob Wickman
43.4%
Cubs
Carlos Marmol
42.6%
Mariners
J.J. Putz
41.9%
Braves
Steve Bedrosian
41.2%
Blue Jays
Casey Janssen
41%
Twins
Glen Perkins
41%
Marlins
Steve Cishek
41%
Rockies
Rafael Betancourt
41%
Dodgers
Jonathan Broxton
40.4%
Phillies
Ron Reed
39.7%
Rockies
Steve Reed
39.7%
Blue Jays
Mark Eichhorn
38.5%
Padres
Luke Gregerson
38.5%
Dodgers
Tom Niedenfuer
38.5%
Diamondbacks
Brad Ziegler
38.5%
Nationals
Steve Kline
38.5%
Tigers
Mike Henneman
38.2%
Phillies
Ryan Madson
38.2%
Indians
Paul Assenmacher
37.5%
Orioles
Mark Williamson
36%
Rangers
Jeff Russell
36%
Rangers
Frank Francisco
36%
Diamondbacks
Tony Pena
36%
Orioles
Dick Hall
35.9%
Rays
Jake McGee
35.9%
Tigers
Doug Brocail
35.9%
Athletics
Billy Taylor
35.9%
Mets
Turk Wendell
35.9%
Diamondbacks
Matt Mantei
35.9%
Cardinals
Jason Motte
35.9%
Pirates
Tony Watson
35.9%
Athletics
Rick Honeycutt
35.3%
Braves
Gene Garber
35.3%
Rays
Grant Balfour
33.8%
Pirates
Roy Face
33.8%
Tigers
Phil Coke
33.3%
Mariners
Mike Schooler
33.3%
Cardinals
Ryan Franklin
33.3%
White Sox
Matt Thornton
31.6%
Tigers
John Hiller
31.6%
Cubs
Kyle Farnsworth
31.6%
Blue Jays
Jason Frasor
30.9%
Tigers
Jamie Walker
30.9%
Angels
Brendan Donnelly
30.8%
Astros
Wesley Wright
30.8%
Marlins
A.J. Ramos
30.8%
Marlins
Juan Carlos Oviedo
30.8%
Mets
Bobby Parnell
30.8%
Rockies
Jose Jimenez
30.8%
Reds
Ted Power
30.8%
Giants
Greg Minton
30.1%
Rays
Dan Wheeler
29.4%
Astros
Octavio Dotel
29.4%
Marlins
Braden Looper
28.7%
Mets
Pedro Feliciano
28.7%
Nationals
Tim Burke
28.7%
Red Sox
Rich Garces
28.2%
Red Sox
Hideki Okajima
28.2%
Yankees
Lindy McDaniel
28.2%
Cardinals
Lindy McDaniel
28.2%
Phillies
Jim Konstanty
28.2%
Indians
Eric Plunk
27.9%
Reds
Pedro Borbon
27.2%
Twins
Juan Rincon
26.5%
Twins
Jesse Crain
26.5%
Rangers
Ron Kline
26.5%
Cardinals
Steve Kline
26.5%
Rays
Esteban Yan
25.7%
Diamondbacks
Brandon Lyon
25.7%
Dodgers
Ron Perranoski
25.7%
Rays
Jesus Colome
25.6%
Blue Jays
Jim Acker
25.6%
Mariners
Shigetoshi Hasegawa
25.6%
Mariners
Tom Wilhelmsen
25.6%
Phillies
Wayne Gomes
25.6%
Phillies
Ricky Bottalico
25.6%
Yankees
Johnny Murphy
25%
Blue Jays
Paul Quantrill
25%
Team
Pitcher
% Correct
Blue Jays
Scott Downs
25%
Reds
Clay Carroll
25%
Reds
Tom Hume
25%
Twins
Matt Guerrier
24.3%
Nationals
Mel Rojas
24.3%
Cardinals
Al Hrabosky
24.3%
Red Sox
Dick Radatz
23.5%
Braves
Rick Camp
23.5%
Orioles
Buddy Groom
23.1%
Rays
Joel Peralta
23.1%
Twins
Mike Trombley
23.1%
Braves
Greg McMichael
23.1%
Rangers
Kenny Rogers
22.8%
Indians
Rafael Betancourt
22.1%
Royals
Steve Farr
22.1%
Angels
Shigetoshi Hasegawa
22.1%
Red Sox
Manny Delcarmen
20.6%
Rangers
Darold Knowles
20.6%
Astros
Larry Andersen
20.6%
White Sox
Scott Radinsky
20.5%
Royals
Aaron Crow
20.5%
Athletics
Jerry Blevins
20.5%
Braves
Eric O'Flaherty
20.5%
Padres
Joe Thatcher
20.5%
Rockies
Matt Belisle
20.5%
Brewers
Mike Fetters
19.9%
Padres
Craig Lefferts
19.9%
Rockies
Manny Corpas
19.1%
Astros
Joe Sambito
18.4%
Giants
Gary Lavelle
18.4%
Marlins
Mike Dunn
17.9%
Rockies
Rex Brothers
17.9%
Brewers
Luis Vizcaino
17.9%
Phillies
Rheal Cormier
17.6%
Rockies
Curt Leskanic
17.6%
Dodgers
Charlie Hough
17.6%
Braves
Mike Remlinger
16.9%
Orioles
Alan Mills
16.2%
Mariners
Bobby Ayala
16.2%
Nationals
Luis Ayala
16.2%
Athletics
Buddy Groom
15.4%
Angels
Kevin Jepsen
15.4%
Yankees
Steve Hamilton
15.4%
Indians
David Riske
15.4%
Astros
Ken Forsch
15.4%
Rangers
Casey Cox
15.4%
Braves
Peter Moylan
15.4%
Mets
Aaron Heilman
15.4%
Padres
Cla Meredith
15.4%
Pirates
Dave Giusti
14.7%
Indians
Paul Shuey
14%
Brewers
Bob McClure
14%
Pirates
Salomon Torres
14%
Padres
Scott Linebrink
14%
Giants
Randy Moffitt
14%
Brewers
Chuck Crim
13.2%
Cardinals
Ken Dayley
13.2%
Angels
Eddie Fisher
12.8%
White Sox
Bill Simas
12.8%
Dodgers
Ronald Belisario
12.8%
Dodgers
Tim Crews
12.8%
Pirates
Al McBean
12.8%
Orioles
Eddie Watt
12.5%
Diamondbacks
Greg Swindell
12.5%
Angels
Dave LaRoche
11.8%
Athletics
Paul Lindblad
11.8%
Mets
Jeff Innis
11.8%
Reds
Scott Sullivan
10.3%
Brewers
Bill Castro
10.3%
Twins
Firbo Marberry
10.3%
Padres
Dale Thayer
10.3%
Pirates
Jason Christiansen
10.3%
Royals
Jason Grimsley
9.6%
Pirates
John Grabow
9.6%
Royals
Steve Mingori
8.1%
Mariners
Ed Vande Berg
8.1%
Pirates
Scott Sauerbeck
8.1%
Padres
Dave Tomlin
8.1%
Red Sox
Ellis Kinder
7.4%
Dodgers
Jim Brewer
7.4%
Dodgers
Clem Labine
7.4%
Marlins
Armando Almanza
5.9%
Phillies
Turk Farrell
5.9%
Rockies
Mike DeJean
5.9%
Royals
Doug Bird
5.1%
Athletics
John Wyatt
5.1%
Marlins
Renyel Pinto
5.1%
Phillies
Jack Baldschun
5.1%
Rockies
Mike Munoz
5.1%
Twins
Al Worthington
5.1%
Athletics
Eddie Rommel
5.1%
Cubs
Charlie Root
5.1%
Angels
Mike Holtz
4.4%
Marlins
Vic Darensbourg
4.4%
Diamondbacks
Mike Koplove
4.4%
Dodgers
Ed Roebuck
4.4%
Rays
Travis Harper
3.7%
Nationals
Anthony Telford
3.7%
Cubs
Don Elston
3.7%
Cardinals
Al Brazle
2.2%
Quiz Playlist
Details
Report
Send in Message
Add To Playlist
More Info:
* indicates that player has pitched in at least 1 MLB game in 2015. Updated 8/31/2015
Classic:
Type in answers that appear in a list
Last Updated: Feb 16, 2017
Quiz Scoreboard
CHALLENGE
Sign Up to Join the Scoreboard
Show All
Scores
Hide
Comments
May contain spoilers
Recently Published
9x9 Crossword: Cartoon Network
by jackfrog10
Miscellaneous
3m
College Basketball Coaching Resumes
by pancakes188
Sports
9m
Billboard Blitz: Fleetwood Mac
by CooCooCachoo
Music
15s
More to Explore
Quiz From the Vault
Featured Blog Post
Where Did the Easter Bunny Come From?
hide this ad
You Might Also Like...
Tags
Baseball Quiz
MLB Quiz
Pitchers
relief
Team Leaders
Today's Top Quizzes in Sports
Browse Sports
hide this ad
Today's Top Quizzes in Baseball
Browse Baseball
Top Contributed Quizzes in Sports
1
2022 World Cup Stars
2
Les meilleurs buteurs des matchs entre le PSG et l’OM
3
FIFA Club World Cup Champions
4
Les entraîneurs de l'OM et du PSG au 21e siècle
5
Criteria MLB: Left Handed Sluggers
6
2023 MLB Unique Player Accomplishments
7
AFC Teams Reveal (Wrong Answers Minefield)
8
Players with Multiple 50 Home Run Seasons
9
5-to-1: FBS Animal Nicknames
10
5-to-1: UK Sports Teams
Explore More
Trending Topics
Crossword
Marvel
Disney
Kpop
Harry Potter
NBA
Anime
Song
WWE
Country
Soccer
The Office
Puzzle
Pokémon
NFL
hide this ad
More By:
tk925
Quiz
Plays
Rating
Category
Featured
Created
Opening Day Lineups: Phillies
130,565
4.45
Sports
Sep 28, 2009
Opening Day Lineups: Blue Jays
94,406
4.47
Sports
Mar 25, 2010
Opening Day Lineups: Reds
87,153
4.35
Sports
Sep 28, 2009
'This' and 'That'
82,943
4.05
Entertainment
Jan 30, 2010
MLB Most HR by Position '90s-'10s
72,020
4.68
Sports
Sep 15, 2011
Go to Creator's Profile
Score Distribution
Quiz Creator Spotlight
tk925
Follow
Send a Message
Quizzes Created
-
Created Quiz Play Count
-
More By This Creator
Popular Quizzes Today
1
Find the US States - No Outlines Minefield
2
Find the Countries of Europe - No Outlines Minefield
3
The Countries of the World
4
Find the US States
5
Risky Map Clicking: Biggest States A-Z
6
US States
7
Popular People in 1961
8
Movies - When Are They Set?
More Sports Quizzes
2016/17 NBA Top Ten Scorers
Quiz Lab
Trending Quizzes
Risky Map Clicking: Least Populous States A-Z
1-10 Letter G Words
Risky Map Clicking: Next State Alphabetically
Adjectives in 80s TV Shows
Risky Map Clicking: Biggest States A-Z
Recently Updated
Leaping Animals
pecheneg
Reality TV Shows (A-Z)
bhenderson79
Rickey Henderson's Hall of Fame Teammates
pecheneg
Champions League XIs: Arsenal
pecheneg
Quick Pick: Celebrities in WWE's Hall of Fame
aduchscher
A-Z Keypad Blitz II
pecheneg
Multiple Oscar Actors
pecheneg
Mystery Phrase Blitz: Oscar 'Best Actors'
pecheneg
F. Scott Fitzgerald Novels
LTH
Pick 3 Villains
ddd62291
Trending Topics
Harry Potter
Kpop
Disney
Anime
Crossword
NBA
Marvel
Soccer
Country
The Office
WWE
Puzzle
NFL
Song
Pokémon
Your Account Isn't Verified!
In order to create a playlist on Sporcle, you need to verify the email address you used during registration. Go to your
Sporcle Settings
to finish the process.
Report this User
Report this user for behavior that violates our
Community Guidelines
.
Details:
Send Report
Go to the Sporcle.com Mobile Site →
Comments